| 000 | 00761pam a2200253 a 4500 | ||
|---|---|---|---|
| 999 |
_c10220 _d10220 |
||
| 001 | 3332879 | ||
| 003 | OSt | ||
| 005 | 20210217171013.0 | ||
| 008 | 850807s1985 tnu b 001 0 eng | ||
| 010 | _a 85018846 | ||
| 020 |
_a0840759681 (pbk.) : _c$8.95 |
||
| 040 |
_aDLC _cDLC _dDLC |
||
| 050 | 0 | 0 |
_aBS500 _bM478W |
| 082 | 0 | 0 |
_a220.1 _219 _bM478W |
| 100 | 1 | _aMcKim, Donald K. | |
| 245 | 1 | 0 |
_aWhat Christians believe about the Bible / _cDonald K. McKim. |
| 260 |
_aNashville : _bT. Nelson, _cc1985. |
||
| 300 |
_a192 p. ; _c23 cm. |
||
| 500 | _aIncludes index. | ||
| 504 | _aBibliography: p. 153-189. | ||
| 630 | 0 | 0 |
_aBible _xCriticism, interpretation, etc. _xHistory _y20th century. |
| 906 |
_a7 _bcbc _corignew _d1 _eocip _f19 _gy-gencatlg |
||
| 942 |
_2ddc _cBK |
||